Molecular Imaging, Reconstruction and Analysis of Moving Body Organs, and Stroke Imaging and Treatment (Record no. 1624615)
[ view plain ]
| 000 -LEADER | |
|---|---|
| fixed length control field | 00891nam a2200265Ia 4500 |
| 005 - DATE AND TIME OF LATEST TRANSACTION | |
| control field | 20260121170026.0 |
| 008 - FIXED-LENGTH DATA ELEMENTS--GENERAL INFORMATION | |
| fixed length control field | 008 260114s9999 xx 000 0 eng d |
| 020 ## - INTERNATIONAL STANDARD BOOK NUMBER | |
| International Standard Book Number | 9783319675640 |
| 037 ## - SOURCE OF ACQUISITION | |
| Stock number | EBOOK |
| 040 ## - CATALOGING SOURCE | |
| Original cataloging agency | CRL |
| 040 ## - CATALOGING SOURCE | |
| Language of cataloging | eng |
| 040 ## - CATALOGING SOURCE | |
| Transcribing agency | CRL |
| 041 ## - LANGUAGE CODE | |
| Source of code | eng |
| 041 ## - LANGUAGE CODE | |
| Language code of text/sound track or separate title | eng |
| 084 ## - COLON CLASSIFICATION NUMBER | |
| Assigning agency | CRL |
| 100 ## - MAIN ENTRY--PERSONAL NAME | |
| Personal name | M. Jorge Cardoso, Tal Arbel, Fei Gao, Bernhard Kainz, Theo van Walsum, Kuangyu Shi, Kanwal K. Bhatia, Roman Peter, Tom Vercauteren, Mauricio Reyes, Adrian Dalca, Roland Wiest, Wiro Niessen, Bart J. Emmer |
| 9 (RLIN) | 1058886 |
| 245 #0 - TITLE STATEMENT | |
| Title | Molecular Imaging, Reconstruction and Analysis of Moving Body Organs, and Stroke Imaging and Treatment |
| 260 ## - PUBLICATION, DISTRIBUTION, ETC. | |
| Name of publisher, distributor, etc. | Springer |
| 260 ## - PUBLICATION, DISTRIBUTION, ETC. | |
| Name of publisher, distributor, etc. | Springer |
| 260 ## - PUBLICATION, DISTRIBUTION, ETC. | |
| Date of publication, distribution, etc. | 2017 |
| 856 ## - ELECTRONIC LOCATION AND ACCESS | |
| Uniform Resource Identifier | <a href="https://link.springer.com/openurl?genre=book&isbn=978-3-319-67564-0">https://link.springer.com/openurl?genre=book&isbn=978-3-319-67564-0</a> |
| 942 ## - ADDED ENTRY ELEMENTS (KOHA) | |
| Koha item type | eBooks |
| Withdrawn status | Lost status | Damaged status | Not for loan | Home library | Current library | Date acquired | Total Checkouts | Barcode | Date last seen | Price effective from | Koha item type |
|---|---|---|---|---|---|---|---|---|---|---|---|
| Central Library | Central Library | 2026-01-21 | CL1735693 | 2026-01-21 | 2026-01-21 | eBooks |
